| 000 | 00572nab a2200193 a 4500 | ||
|---|---|---|---|
| 005 | 20220328134853.0 | ||
| 008 | 991125s1985 mx 000 0 spa u | ||
| 035 | _aUPN01000182303 | ||
| 100 | 1 |
_aTrilla i Bernet, Jaume _933833 |
|
| 222 | _aREVISTA DE EDUCACION | ||
| 245 | _aParticipación, democracia y formación para la ciudadanía : los consejos de infancia | ||
| 260 | _aMadrid, España | ||
| 300 | _a23-43 | ||
| 362 | 0 | _a2011 No. extraordinario | |
| 653 | 0 | _aPARTICIPACION SOCIAL | |
| 653 | 0 | _aNIÑOS | |
| 653 | 0 | _aVALORES DEMOCRATICOS | |
| 905 | _aArticulo | ||
| 999 |
_c154406 _d154406 |
||